| 000 | 01196nam a2200301 a 4500 | ||
|---|---|---|---|
| 001 | 66100 | ||
| 003 | BD-RjUL | ||
| 005 | 20211209081512.0 | ||
| 008 | 170314s1952 pk ||||||||s|o00| 0 eng d | ||
| 020 | _c: PRs. 1.00 | ||
| 035 | _a(BD-RjUL)66230 | ||
| 040 |
_aBD-RjUL _beng _cBD-RjUL _dBD-RjUL |
||
| 041 | _aeng | ||
| 082 |
_223 _a304.609549021 _bPAC 1952 (CBN3) |
||
| 110 | 1 |
_aPakistan. _bOffice of the Census Commissioner. Ministry of Interior. _9195498 |
|
| 245 | 1 | 0 |
_aCensus of Pakistan, 1951 : _bUrban and rural population & area (tables 1 & 1A) : Census Bulletin No. 3 / _cPakistan.Office of the Census Commissioner. Ministry of Interior ; Census Organization (Pakistan) |
| 260 |
_aKarachi: _bManager of Publications, _c1952 |
||
| 300 |
_a44 p. ; _c25 cm. |
||
| 490 |
_aCensus bulletin ; _vno. 3 |
||
| 490 |
_aCensus 51 ; _vNo. 32 B |
||
| 651 |
_aPakistan _vCensus, 1951. _9195499 |
||
| 651 |
_aPakistan _xReligion _vStatistics. _y1951 _9195500 |
||
| 651 |
_aPakistan _xPopulation _vStatistics. _y1951 _9192750 |
||
| 710 |
_aCensus Organization (Pakistan) _9186435 |
||
| 830 |
_aCensus bulletin ; _vno. 3 _9195548 |
||
| 830 |
_aCensus 51 ; _vNo. 32 B _9195549 |
||
| 942 |
_2ddc _cRAR |
||
| 999 |
_c66100 _d66100 |
||